Fotografičeskaja registracija informaciji
Uložené v:
| Hlavný autor: | |
|---|---|
| Médium: | Kniha |
| Jazyk: | Russian |
| Vydavateľské údaje: |
Moskva :
Mir,
1978
|
| Vydanie: | Z nem. prel. K.V.Bendrovskij |
| Tagy: |
Žiadne tagy, Buďte prvý, kto otaguje tento záznam!
|
MARC
| LEADER | 00000nam a22000003a 4500 | ||
|---|---|---|---|
| 001 | stu189046 | ||
| 005 | 20150617225607.0 | ||
| 008 | 090827s1975----xxr-----------------rus-d | ||
| 040 | |a STU |b slo | ||
| 041 | 0 | |a rus | |
| 044 | |a xxr | ||
| 080 | |a 771.5 |7 stu_us_auth*stu6928 | ||
| 080 | |a 778.4 | ||
| 080 | |a 002 | ||
| 100 | 1 | |a Frieser, H. |4 aut | |
| 245 | 1 | |a Fotografičeskaja registracija informaciji | |
| 250 | |a Z nem. prel. K.V.Bendrovskij | ||
| 260 | |a Moskva : |b Mir, |c 1978 | ||
| 300 | |a 670 s | ||
| 996 | |b E44793 |c E*44793 |l EE10 |s P |a 0 |w stu189046_0001 | ||